000 00450nam a22001817a 4500
999 _c160381
_d160381
005 20190128142837.0
010 _aB-122348
020 _a8126015993
_c125.00
035 _aB-122348
037 _bSahitya Akademi
082 _aS
100 _aRam lal
245 _aBirds of passage :
_bPakheru
_cRam Lal
260 _aNew Delhi
_bSahitya Akademi
_c2003
300 _a252p.
_c22cm(hbk)
700 _aJudge, Avtar Singh
942 _2ddc
_cEN
_hS
_mRAM